Infancia, derechos y ciudadanía /
Realiza una reflexión de los acontecimientos que han permitido que en Argentina los niños tengan derechos y que sean objeto de estudio, se obserba por una parte de diversas Instituciones la adquisición de nuevas responsabilidades con respecto a resguardar los derchos de los niños, y por otra parte s...
Gardado en:
| Autor Principal: | |
|---|---|
| Formato: | Texto |
| Idioma: | Spanish |
| Materias: | |
| Etiquetas: |
Engadir etiqueta
Sen Etiquetas, Sexa o primeiro en etiquetar este rexistro!
|
MARC
| LEADER | 00000 a a2200000 04500 | ||
|---|---|---|---|
| 001 | 26093 | ||
| 003 | cru CRAI/IIS | ||
| 005 | 20221027062552.0 | ||
| 008 | 220329b |||||||| |||| 00| 0 spa d | ||
| 040 | |c cru CRAI/IIS | ||
| 100 | 1 | |a Tenti Fanfani, Emilio |e Autor |9 10352 | |
| 245 | 1 | |a Infancia, derechos y ciudadanía / |c Emilio Tenti Fanfani | |
| 300 | |a páginas 45-50 | ||
| 520 | |a Realiza una reflexión de los acontecimientos que han permitido que en Argentina los niños tengan derechos y que sean objeto de estudio, se obserba por una parte de diversas Instituciones la adquisición de nuevas responsabilidades con respecto a resguardar los derchos de los niños, y por otra parte se ha visto el desarrollo investigativo sobre esta población. | ||
| 650 | 0 | |a TEORIA |9 1657 | |
| 650 | 4 | |9 1930 |a INVESTIGACION | |
| 650 | 0 | |9 237 |a INVESTIGACION SOCIAL | |
| 650 | 0 | |9 6358 |a DERECHOS DEL NIÑO | |
| 773 | 0 | |0 43626 |9 5231 |a Jornadas Internacionales de Investigación Social sobre Infancia y Adolescencia, la Convención de los derechos del Niño y las Prácticas Sociales. |d Córdoba, Argentina : UNICEF; Fundación Antorchas; Fundación INCIDE; Municipalidad de Córdoba ; Colegio de Profesionales de Trabajo Social de Córdoba ; Colegio de Escribanos de la Provincia de Cordoba, 2000 |o 21150 |t Ponencias / | |
| 942 | |2 ddc |c LI | ||
| 999 | |c 44165 |d 44165 | ||
